Normal view
MARC view
- Gitman, Lawrence J.
Entry Personal Name
001 - CONTROL NUMBER
- control field: 9985
003 - CONTROL NUMBER IDENTIFIER
- control field: NUST
005 - DATE AND TIME OF LATEST TRANSACTION
- control field: 20180210083123.0
008 - FIXED-LENGTH DATA ELEMENTS
- fixed length control field: 180210|| aca||aabn | a|a d
040 ## - CATALOGING SOURCE
- Original cataloging agency: NUST
- Transcribing agency: NUST
100 ## - HEADING--PERSONAL NAME
- Personal name: Gitman, Lawrence J.
670 ## - SOURCE DATA FOUND
- Source citation: Work cat.: (NUST)0: Gitman, Lawrence J., Principles of managerial finance /, c2017.
